[Event "Open A"]
[Site "Panevezys"]
[Date "2009.08.17"]
[Round "1.1"]
[White "Grabliauskas, Virginijus"]
[Black "Kuvsinov, Anatolij"]
[Result "1-0"]
[WhiteElo "2409"]
[BlackElo "1984"]
[PlyCount "69"]
[EventDate "2009.08.??"]

1. d4 d6 2. Nf3 g6 3. c4 Bg7 4. e4 Bg4 5. Be2 Nc6 6. d5 Bxf3 7. Bxf3 Nd4 8. Bg4
c5 9. Nc3 Nf6 10. Bh3 O-O 11. O-O a6 12. Be3 Nd7 13. Ne2 Nxe2+ 14. Qxe2 Rb8 15.
a4 a5 16. f4 b6 17. Bf2 Rb7 18. Kh1 Nb8 19. e5 Na6 20. Bh4 Kh8 21. Ra3 f6 22.
exd6 Qxd6 23. Re3 Qd8 24. Re1 Rf7 25. Be6 Rf8 26. Bg4 Rf7 27. f5 Bf8 28. Rh3 g5
29. Bg3 Nc7 30. Bh5 Rg7 31. Bg6 e5 32. dxe6 Qe7 33. Qe4 Ne8 34. Rd1 Ra7 35. Qc6
{time} 1-0

[Event "Open A"]
[Site "Panevezys"]
[Date "2009.08.17"]
[Round "1.3"]
[White "Malinin, Yuri"]
[Black "Kasperavicius, Jokubas"]
[Result "1/2-1/2"]
[WhiteElo "2319"]
[BlackElo "1972"]
[PlyCount "129"]
[EventDate "2009.08.??"]

1. d4 d5 2. c4 dxc4 3. Nf3 c5 4. e3 cxd4 5. exd4 Be6 6. Nc3 Nf6 7. Ng5 Bd5 8.
Qa4+ Bc6 9. Qxc4 e6 10. Nf3 Be7 11. Be2 Nbd7 12. O-O Nb6 13. Qb3 O-O 14. Rd1
Nfd5 15. Ne5 Nxc3 16. Qxc3 Rc8 17. Qe3 Nd5 18. Qb3 Qb6 19. Qxb6 Nxb6 20. Nxc6
Rxc6 21. Bf3 Nd5 22. Bxd5 exd5 23. Bd2 Bf6 24. Bc3 Rc4 25. Kf1 Re8 26. Rd3 Rec8
27. Rad1 Kf8 28. Rf3 Ke7 29. a3 Kd7 30. g4 R4c7 31. Rf5 Kc6 32. Bb4 b6 33. g5
Be7 34. Bxe7 Rxe7 35. Rc1+ Kb7 36. Rxc8 Kxc8 37. Rxd5 Kc7 38. f3 h5 39. gxh6
gxh6 40. Kg2 Kc8 41. h4 Rc7 42. Rh5 Rc2+ 43. Kg3 Rxb2 44. Rxh6 Rb3 45. Rf6 Rxa3
46. h5 Ra1 47. Rxf7 Rh1 48. Rxa7 Rxh5 49. Kf4 b5 50. Ke4 b4 51. d5 b3 52. Ra5
Rh7 53. Ra8+ Kb7 54. Ra3 Rh4+ 55. f4 Rh3 56. Ra4 Rh6 57. Rd4 b2 58. Rd1 Rb6 59.
Rb1 Kc7 60. f5 Kd7 61. Kd4 Kd6 62. f6 Rb4+ 63. Ke3 Kxd5 64. f7 Rb8 65. Rxb2
1/2-1/2

[Event "Open A"]
[Site "Panevezys"]
[Date "2009.08.17"]
[Round "1.4"]
[White "Latinis, Marius"]
[Black "Daulyte, Deimante"]
[Result "0-1"]
[WhiteElo "1967"]
[BlackElo "2268"]
[PlyCount "68"]
[EventDate "2009.08.??"]

1. c4 g6 2. d4 Nf6 3. Nc3 Bg7 4. e4 d6 5. f4 O-O 6. Nf3 Na6 7. Bd3 e5 8. dxe5
dxe5 9. Nxe5 Nc5 10. Be3 Nxd3+ 11. Qxd3 Qxd3 12. Nxd3 Nxe4 13. Nxe4 Re8 14. Ne5
Bf5 15. Nc3 f6 16. Nd5 fxe5 17. Nxc7 exf4 18. Nxa8 Bxb2 19. O-O Bxa1 20. Rxa1
Rxe3 21. Nc7 Re2 22. Nd5 g5 23. a4 Kf7 24. Nc3 Rc2 25. Nb5 Rd2 26. Re1 a6 27.
Nc7 h6 28. Nd5 Be6 29. Rb1 Bc8 30. Re1 Kf8 31. Nb6 Bf5 32. h3 Rc2 33. Re5 Bd3
34. Rc5 Be4 0-1

[Event "Open A"]
[Site "Panevezys"]
[Date "2009.08.17"]
[Round "1.5"]
[White "Rogule, Laura"]
[Black "Barsciauskas, Gintautas"]
[Result "1-0"]
[WhiteElo "2255"]
[BlackElo "1964"]
[PlyCount "103"]
[EventDate "2009.08.??"]

1. c4 d6 2. Nc3 c6 3. g3 e5 4. Bg2 Nf6 5. d3 Be7 6. e4 Nbd7 7. Nge2 O-O 8. O-O
h6 9. h3 Nh7 10. Be3 Bg5 11. f4 Be7 12. Qd2 Ndf6 13. d4 Qc7 14. fxe5 dxe5 15.
d5 Ne8 16. Rad1 Bg5 17. c5 Bd7 18. b4 b5 19. a4 a6 20. Ra1 Nef6 21. Bxg5 Nxg5
22. h4 Ngh7 23. axb5 axb5 24. Ra2 Rxa2 25. Qxa2 Ng4 26. Ra1 Nhf6 27. Qa5 Qb8
28. Qa6 Rc8 29. Qa7 Ne3 30. Qxb8 Rxb8 31. Ra6 Rc8 32. Nc1 Nxg2 33. Kxg2 Ng4 34.
Ra7 Be8 35. Kf3 h5 36. Nb3 Nf6 37. Na5 Kf8 38. dxc6 Bxc6 39. Nxc6 Rxc6 40. Nxb5
Ne8 41. Nc3 g6 42. Nd5 Kg7 43. Ke3 Nf6 44. Kd3 Rc8 45. Ra6 Nd7 46. Kc4 Kf8 47.
Ra7 Ke8 48. Rxd7 Kxd7 49. Nb6+ Kc7 50. Nxc8 Kxc8 51. Kd5 f6 52. Ke6 1-0

[Event "Open A"]
[Site "Panevezys"]
[Date "2009.08.17"]
[Round "1.7"]
[White "Tsiganova, Monika"]
[Black "Sciupokas, Arunas"]
[Result "1-0"]
[WhiteElo "2190"]
[BlackElo "1936"]
[PlyCount "139"]
[EventDate "2009.08.??"]

1. d4 d5 2. c4 c6 3. Nf3 Nf6 4. Nc3 dxc4 5. a4 Bf5 6. e3 e6 7. Bxc4 Bb4 8. O-O
O-O 9. Be2 Nbd7 10. e4 Bg6 11. Bd3 c5 12. e5 cxd4 13. exf6 Bxd3 14. Qxd3 dxc3
15. fxg7 Re8 16. Qb5 Qe7 17. Bg5 f6 18. Rad1 Nb6 19. Bxf6 Qxf6 20. Qxb4 cxb2
21. Rd4 Nd5 22. Qxb2 Re7 23. Re1 Rxg7 24. Ne5 Nf4 25. g3 Rf8 26. Kh1 Ng6 27.
Nxg6 Qxg6 28. Rde4 Qf5 29. Kg1 Qf3 30. Rxe6 Rgf7 31. R6e2 Qc6 32. Qd4 Qf6 33.
Qxa7 b5 34. Qa5 bxa4 35. Qxa4 Qf3 36. Qa2 Kh8 37. Qe6 Kg7 38. Rd1 Qf6 39. Qxf6+
Kxf6 40. f4 Rb7 41. Kf2 Rff7 42. Kf3 Rb3+ 43. Re3 Rb4 44. Rd6+ Kg7 45. Rde6
Rbb7 46. h4 Rb5 47. R6e5 Rb6 48. h5 Kh6 49. g4 Ra7 50. Re6+ Rxe6 51. Rxe6+ Kg7
52. g5 Ra5 53. Re7+ Kg8 54. h6 Rb5 55. Ke4 Ra5 56. f5 Ra4+ 57. Ke5 Ra6 58. Re6
Ra8 59. g6 Rb8 60. Re7 Rb5+ 61. Kf6 Rb6+ 62. Re6 Rb8 63. Re7 Rb6+ 64. Kg5 hxg6
65. fxg6 Rb5+ 66. Kf6 Rb6+ 67. Re6 Rb8 68. Rd6 Re8 69. g7 Ra8 70. Kg6 1-0

[Event "Open A"]
[Site "Panevezys"]
[Date "2009.08.17"]
[Round "1.8"]
[White "Novikovas, Anatolijus"]
[Black "Narmontas, Raimondas"]
[Result "1/2-1/2"]
[WhiteElo "1916"]
[BlackElo "2158"]
[PlyCount "69"]
[EventDate "2009.08.??"]

1. e4 c6 2. d4 d5 3. exd5 cxd5 4. c4 Nf6 5. Nc3 Nc6 6. Nf3 Be6 7. Bg5 Ne4 8.
Nxe4 dxe4 9. d5 exf3 10. dxe6 Qa5+ 11. Qd2 Qe5+ 12. Qe3 fxe6 13. Qxe5 Nxe5 14.
Rd1 Rd8 15. Rxd8+ Kxd8 16. b3 g6 17. Be3 a6 18. gxf3 Nxf3+ 19. Ke2 Nh4 20. Bh3
Nf5 21. Rd1+ Kc8 22. b4 Bg7 23. a4 Rd8 24. Rxd8+ Kxd8 25. Kd3 Be5 26. Bg2 Kc7
27. h3 Nxe3 28. fxe3 b6 29. Be4 Kd6 30. Bf3 a5 31. bxa5 bxa5 32. Ke4 Bh2 33.
Bg4 h5 34. c5+ Kxc5 35. Bxe6 1/2-1/2

[Event "Open A"]
[Site "Panevezys"]
[Date "2009.08.17"]
[Round "1.9"]
[White "Bieliauskas, Marius"]
[Black "Kviliunas, Vladislovas"]
[Result "1/2-1/2"]
[WhiteElo "2144"]
[BlackElo "1908"]
[PlyCount "144"]
[EventDate "2009.08.??"]

1. d4 Nf6 2. c4 e5 3. dxe5 Ng4 4. Bf4 Nc6 5. Nf3 Bb4+ 6. Nbd2 Qe7 7. a3 Ngxe5
8. Nxe5 Nxe5 9. Bxe5 Bxd2+ 10. Qxd2 Qxe5 11. e3 O-O 12. Be2 d6 13. O-O Bf5 14.
Bf3 Be4 15. Bxe4 Qxe4 16. Qd5 Rfe8 17. Rfd1 Re5 18. Qxe4 Rxe4 19. Rac1 b6 20.
Rd4 Rae8 21. Rxe4 Rxe4 22. b4 f5 23. g3 Kf7 24. Rc3 a6 25. f3 Re5 26. Kf2 Ke7
27. h3 Kd7 28. g4 g6 29. Kg3 a5 30. g5 axb4 31. axb4 b5 32. cxb5 Rxb5 33. Rc4
Re5 34. Kf2 c6 35. Ke2 Kc7 36. Kd3 Kb6 37. Rd4 Re6 38. Rh4 Re7 39. Rd4 Re6 40.
e4 fxe4+ 41. fxe4 Re5 42. h4 Kc7 43. Rc4 Kd7 44. Rc1 Rb5 45. Kc4 Ke6 46. Rf1
Rb7 47. Rf8 Rf7 48. Rc8 Kd7 49. Rh8 Ke7 50. Kd4 Kd7 51. Kc4 Ke7 52. b5 cxb5+
53. Kxb5 Kd7 54. Kc4 Re7 55. Kd4 Ke6 56. Rf8 Kd7 57. Rf1 Ke6 58. h5 gxh5 59.
Rf6+ Kd7 60. Rh6 Rg7 61. Rxh5 Ke6 62. Kd3 Rg6 63. Kd4 Rg7 64. Ke3 Rf7 65. Rh1
d5 66. Rh5 dxe4 67. Kxe4 Ke7 68. Ke5 Kf8 69. Ke6 Re7+ 70. Kd6 Rf7 71. Rh6 Kg7
72. Re6 Rf5 1/2-1/2

[Event "Open A"]
[Site "Panevezys"]
[Date "2009.08.17"]
[Round "1.10"]
[White "Vaicekauskas, Gytis"]
[Black "Plunge, Gintautas"]
[Result "0-1"]
[WhiteElo "1878"]
[BlackElo "2130"]
[PlyCount "54"]
[EventDate "2009.08.??"]

1. e4 e5 2. Nf3 Nc6 3. Nc3 Nf6 4. d4 exd4 5. Nxd4 Bb4 6. Nxc6 bxc6 7. Bd3 d5 8.
exd5 cxd5 9. O-O O-O 10. Bg5 Bxc3 11. bxc3 h6 12. Bh4 Qd6 13. Bg3 Qc6 14. Qd2
Ne4 15. Bxe4 dxe4 16. Be5 Bb7 17. Rae1 Ba6 18. f3 Bxf1 19. Rxf1 Rfe8 20. Bd4
Qd5 21. fxe4 Rxe4 22. Qf2 Rae8 23. Qg3 Qg5 24. Qxc7 R8e7 25. Qb8+ Kh7 26. Rf2
Re2 27. Qb1 Qd2 0-1

[Event "Open A"]
[Site "Panevezys"]
[Date "2009.08.17"]
[Round "1.12"]
[White "Voroblievas, Arturas"]
[Black "Jakovlev, Juri"]
[Result "0-1"]
[WhiteElo "1868"]
[BlackElo "2113"]
[PlyCount "106"]
[EventDate "2009.08.??"]

1. e4 c5 2. Nf3 e6 3. d4 cxd4 4. Nxd4 Nf6 5. Nc3 Nc6 6. Ndb5 d6 7. Bf4 e5 8.
Bg5 a6 9. Na3 b5 10. Bxf6 gxf6 11. Nd5 f5 12. c3 fxe4 13. Bxb5 axb5 14. Nxb5
Qg5 15. Nbc7+ Kd8 16. Nxa8 Qxg2 17. Rf1 Ba6 18. Ne3 Qg6 19. Rh1 f5 20. Qb3 f4
21. Qb6+ Kd7 22. Qxa6 fxe3 23. Qb7+ Ke6 24. Nc7+ Kf6 25. Nd5+ Ke6 26. Qxc6
exf2+ 27. Kxf2 Bh6 28. Nc7+ Ke7 29. Nd5+ Ke6 30. Qc4 Qf5+ 31. Nf4+ Kf6 32. Qe6+
Qxe6 33. Nxe6 Kxe6 34. a4 Re8 35. Ra2 Rg8 36. a5 e3+ 37. Ke1 Bg5 38. a6 Ra8 39.
Ke2 d5 40. Rg1 Be7 41. Rg7 h5 42. b4 Bd8 43. Rb7 Kd6 44. a7 Bc7 45. Ra6+ Kd7
46. Rb8 Bxb8 47. axb8=Q Rxb8 48. Kxe3 Rc8 49. Kd3 Rf8 50. Ke3 Rf4 51. Ra2 Rh4
52. b5 Rh3+ 53. Kd2 Rxh2+ 0-1

[Event "Open A"]
[Site "Panevezys"]
[Date "2009.08.17"]
[Round "1.13"]
[White "Beinoraite, Viktorija"]
[Black "Narva, Triin"]
[Result "1/2-1/2"]
[WhiteElo "2072"]
[BlackElo "1865"]
[PlyCount "154"]
[EventDate "2009.08.??"]

1. d4 Nf6 2. c4 g6 3. Nc3 Bg7 4. g3 O-O 5. Bg2 d6 6. e4 Nbd7 7. Nge2 Rb8 8. O-O
a6 9. a4 c5 10. h3 cxd4 11. Nxd4 Ne5 12. Qe2 Qc7 13. b3 Bd7 14. Be3 Nc6 15.
Rac1 e6 16. Rfd1 Ne8 17. Nf3 f5 18. exf5 gxf5 19. c5 Qa5 20. Qc4 b5 21. axb5
axb5 22. Qd3 Nb4 23. Qd2 Nc6 24. cxd6 e5 25. Ng5 h6 26. Bd5+ Kh8 27. Nf7+ Kh7
28. Bc5 Rc8 29. Ra1 Qxa1 30. Rxa1 Nf6 31. b4 e4 32. Ra6 Nxd5 33. Nxd5 Rxf7 34.
Nb6 Ne5 35. Kg2 Bc6 36. Nd5 Nc4 37. Qd1 e3 38. fxe3 Nb2 39. Qb3 Nc4 40. Qd1 Nb2
41. Qf3 Nd3 42. Kh2 Nxc5 43. bxc5 Bb7 44. Ra7 Rxc5 45. Rxb7 Rxb7 46. Nf6+ Bxf6
47. Qxb7+ Kg6 48. Kg2 Rc2+ 49. Kf3 Rd2 50. Qb6 Kf7 51. Qxb5 Rxd6 52. Qxf5 Kg7
53. Qc5 Re6 54. h4 Be7 55. Qd4+ Rf6+ 56. Ke2 Kf7 57. e4 Rg6 58. Qd5+ Re6 59.
Ke3 Bd6 60. g4 Be5 61. Qd7+ Re7 62. Qf5+ Bf6 63. g5 hxg5 64. hxg5 Re6 65. gxf6
Rxf6 66. Qd7+ Kf8 67. Kd4 Rf7 68. Qd8+ Kg7 69. Kd5 Rf1 70. Ke6 Rh1 71. e5 Rh6+
72. Kd7 Kf7 73. Qe8+ Kg7 74. e6 Rh1 75. Qf7+ Kh8 76. e7 Rd1+ 77. Ke8 Rd8+
1/2-1/2

[Event "Open A"]
[Site "Panevezys"]
[Date "2009.08.17"]
[Round "1.14"]
[White "Vanagas, Tadas"]
[Black "Grybas, Gintaras"]
[Result "1-0"]
[WhiteElo "1860"]
[BlackElo "2060"]
[PlyCount "77"]
[EventDate "2009.08.??"]

1. d4 Nf6 2. c4 c6 3. Nc3 d5 4. Nf3 Qb6 5. Qc2 Bg4 6. c5 Qc7 7. Ne5 Nbd7 8. h3
Bh5 9. Bf4 Nxe5 10. Bxe5 Qd7 11. e3 e6 12. Bd3 Be7 13. O-O Bg6 14. b4 O-O 15.
Bxg6 hxg6 16. Rfb1 b6 17. cxb6 axb6 18. a4 Bd6 19. Bxd6 Qxd6 20. Ne2 Rfc8 21.
a5 c5 22. axb6 Rxa1 23. Rxa1 Qxb6 24. bxc5 Qc7 25. Nc3 g5 26. Nb5 Qd7 27. Qa4
Ne8 28. Qa6 Kf8 29. Qb6 Rc6 30. Qa7 Qc8 31. Qa8 Ke7 32. Ra7+ Kf6 33. Qb7 Qxb7
34. Rxb7 Rc8 35. Na7 Rc7 36. Rxc7 Nxc7 37. Nc6 Kf5 38. Kf1 f6 39. Ne7+ 1-0

[Event "Open A"]
[Site "Panevezys"]
[Date "2009.08.17"]
[Round "1.15"]
[White "Viskelis, Steponas"]
[Black "Rogulis, Uldis"]
[Result "1/2-1/2"]
[WhiteElo "2039"]
[BlackElo "1846"]
[PlyCount "129"]
[EventDate "2009.08.??"]

1. c4 c5 2. Nc3 Nc6 3. Nf3 Nf6 4. d4 cxd4 5. Nxd4 g6 6. e4 d6 7. Be2 Bg7 8. O-O
O-O 9. Be3 Bd7 10. Qd2 Nxd4 11. Bxd4 Bc6 12. f3 a6 13. Rfd1 Nd7 14. Bxg7 Kxg7
15. Bf1 Qb6+ 16. Kh1 Kg8 17. Rac1 Rac8 18. b3 Qa7 19. Ne2 Qf2 20. Nd4 Qxd2 21.
Rxd2 Rfd8 22. Kg1 Kg7 23. Kf2 Ne5 24. g3 Bd7 25. Rcd1 g5 26. Be2 h6 27. Ke3 Ng6
28. Bd3 f6 29. Bf1 Ne5 30. Be2 Rc7 31. f4 Ng6 32. Bh5 Nf8 33. h4 b5 34. cxb5
Bxb5 35. Be2 Bxe2 36. Kxe2 Kg6 37. hxg5 hxg5 38. Rh1 Rdc8 39. Nf5 Ne6 40. Kf3
Rg8 41. Nxe7+ Rxe7 42. f5+ Kf7 43. fxe6+ Kxe6 44. Rhd1 Rd7 45. Rd5 Rc8 46. R1d4
Rc6 47. Ra5 Rb7 48. Rda4 Rbb6 49. Kg4 Ke7 50. Kh5 Ke6 51. Kg6 Rc3 52. Rxa6 Rxa6
53. Rxa6 Rxg3 54. Ra8 Rf3 55. b4 g4 56. Kh5 g3 57. Rg8 Ra3 58. b5 Rxa2 59. Rxg3
Rb2 60. Kg4 Rxb5 61. Ra3 Ke5 62. Kf3 f5 63. exf5 Kxf5 64. Ke3 Ke5 65. Kd3
1/2-1/2

[Event "Open A"]
[Site "Panevezys"]
[Date "2009.08.17"]
[Round "1.16"]
[White "Juciute, Einora"]
[Black "Vaitonis, Vytautas"]
[Result "0-1"]
[WhiteElo "1822"]
[BlackElo "2032"]
[PlyCount "140"]
[EventDate "2009.08.??"]

1. d4 Nf6 2. e3 d6 3. Bd3 e5 4. Nc3 Qe7 5. Nge2 g6 6. dxe5 dxe5 7. Ng3 Bg7 8.
e4 c6 9. h3 Be6 10. Be3 Nbd7 11. Qd2 O-O 12. Bh6 Rfd8 13. Bxg7 Kxg7 14. h4 h5
15. Qg5 Kh7 16. f4 exf4 17. Nxh5 Ng8 18. Qxe7 Nxe7 19. Nxf4 Ne5 20. O-O-O b5
21. Nxe6 fxe6 22. Ne2 Rd6 23. Nf4 Ng8 24. Rhg1 Nf6 25. Nh3 Kg7 26. Nf2 Rh8 27.
g3 a6 28. b3 Rhd8 29. Nh3 Kf7 30. Ng5+ Ke7 31. Rgf1 Nh5 32. g4 Nf6 33. Be2
Rxd1+ 34. Bxd1 Rh8 35. h5 gxh5 36. gxh5 Rh6 37. Be2 c5 38. a4 bxa4 39. Bxa6
Rxh5 40. Rg1 axb3 41. cxb3 Rh2 42. Rg3 Ra2 43. Bc8 Nfd7 44. Kb1 Ra8 45. Bb7 Rb8
46. Ba6 c4 47. Kb2 Nc5 48. Bxc4 Nxc4+ 49. Kc2 Ne5 50. Rc3 Kd6 51. Rh3 Rg8 52.
Rh5 Ncd3 53. Nf7+ Nxf7 54. Kxd3 Ne5+ 55. Kd4 Nc6+ 56. Kc4 Rg4 57. Kd3 Rg3+ 58.
Kc4 Ne5+ 59. Kb4 Rg4 60. Rh1 Rxe4+ 61. Ka5 Nc6+ 62. Ka6 Nb4+ 63. Kb5 Nd5 64.
Ka5 Rb4 65. Rh3 Kc5 66. Rg3 Rb8 67. Ka6 e5 68. Ka7 Re8 69. Rg5 Kd4 70. Rg7 Re7+
0-1

[Event "Open A"]
[Site "Panevezys"]
[Date "2009.08.17"]
[Round "1.17"]
[White "Petraitis, Gintautas"]
[Black "Rudys, Mantas"]
[Result "1-0"]
[WhiteElo "2028"]
[BlackElo "1799"]
[PlyCount "145"]
[EventDate "2009.08.??"]

1. f4 c5 2. b3 Nc6 3. e4 e6 4. Nf3 Nge7 5. Bb2 d5 6. Nc3 Ng6 7. g3 Be7 8. Bg2
h5 9. h4 d4 10. Ne2 e5 11. f5 Nf8 12. Nc1 Nd7 13. Nd3 Qc7 14. Nf2 Nf6 15. d3
Bd7 16. Ng5 Rf8 17. Bf3 g6 18. g4 hxg4 19. Nxg4 Nxg4 20. Bxg4 O-O-O 21. f6 Bd6
22. Qf3 Nb4 23. Bxd7+ Rxd7 24. Qd1 Qa5 25. c3 Nc6 26. Qd2 Bc7 27. c4 Qxd2+ 28.
Kxd2 Ba5+ 29. Ke2 Nd8 30. h5 gxh5 31. Rxh5 Rg8 32. Rf1 Rg6 33. Bc1 Rd6 34. Nh7
Nc6 35. Bh6 Bd8 36. Bf8 Re6 37. Bg7 Rg2+ 38. Rf2 Rxf2+ 39. Kxf2 Nb4 40. Ke2
Nxa2 41. Rf5 Nc3+ 42. Kf3 Rc6 43. Rxe5 Na2 44. Rf5 Nc1 45. Ng5 Rc7 46. e5 Nxb3
47. e6 fxe6 48. Nxe6 Rf7 49. Ng5 Rc7 50. f7 Be7 51. Re5 Bd6 52. Re6 Rxf7+ 53.
Nxf7 Bc7 54. Ne5 b6 55. Ke4 a5 56. Kd5 a4 57. Nc6 a3 58. Nxd4 cxd4 59. Bxd4 a2
60. Re1 Bg3 61. Rd1 Kb7 62. Bc3 Bf2 63. d4 Be3 64. Ke4 Bd2 65. Kd3 Bxc3 66.
Kxc3 a1=Q+ 67. Rxa1 Nxa1 68. Kb2 b5 69. c5 Kc6 70. Kxa1 Kd5 71. Kb2 Kxd4 72. c6
b4 73. c7 1-0

[Event "Open A"]
[Site "Panevezys"]
[Date "2009.08.17"]
[Round "1.18"]
[White "Stremavicius, Titas"]
[Black "Upmanis, Gustavs"]
[Result "0-1"]
[WhiteElo "1791"]
[BlackElo "2004"]
[PlyCount "46"]
[EventDate "2009.08.??"]

1. c4 Nf6 2. d4 e5 3. e3 exd4 4. exd4 Bb4+ 5. Bd2 Bxd2+ 6. Nxd2 d5 7. Ngf3 O-O
8. Be2 Nc6 9. O-O Bg4 10. h3 Bh5 11. c5 Re8 12. Bb5 Ne4 13. Qa4 Re6 14. Bxc6
bxc6 15. Nxe4 dxe4 16. Nd2 Qg5 17. f4 Qg3 18. f5 Ree8 19. Rae1 Bf3 20. Nxf3
exf3 21. Rxe8+ Rxe8 22. Rxf3 Re1+ 23. Rf1 Qe3+ 0-1

[Event "Open A"]
[Site "Panevezys"]
[Date "2009.08.17"]
[Round "1.19"]
[White "Milasevicius, Jonas"]
[Black "Giedraityte, Ausra"]
[Result "1-0"]
[WhiteElo "1996"]
[BlackElo "1749"]
[PlyCount "55"]
[EventDate "2009.08.??"]

1. d4 Nf6 2. c4 e6 3. Nf3 Be7 4. Nc3 d5 5. Bg5 O-O 6. e3 Nbd7 7. cxd5 Nxd5 8.
Bxe7 Nxe7 9. Bd3 c5 10. O-O b6 11. Qc2 Ng6 12. Rfd1 cxd4 13. Nxd4 Bb7 14. Be4
Bxe4 15. Qxe4 Nc5 16. Qf3 e5 17. Ne6 Nxe6 18. Rxd8 Raxd8 19. Qb7 Rd2 20. Rb1
Nc5 21. Qxa7 Rfd8 22. g3 Nd3 23. Ne4 Rc2 24. Qxb6 Rdc8 25. h4 Kh8 26. Qb3 Rc1+
27. Rxc1 Rxc1+ 28. Kh2 1-0

[Event "Open A"]
[Site "Panevezys"]
[Date "2009.08.18"]
[Round "2.1"]
[White "Jakovlev, Juri"]
[Black "Grabliauskas, Virginijus"]
[Result "0-1"]
[WhiteElo "2113"]
[BlackElo "2409"]
[PlyCount "88"]
[EventDate "2009.08.??"]

1. e4 c5 2. Nf3 e6 3. c3 Qa5 4. Na3 Nc6 5. d4 cxd4 6. Nc4 Qc7 7. Nxd4 a6 8. a4
Nf6 9. Nxc6 Qxc6 10. e5 Ne4 11. Be3 d5 12. exd6 Nxd6 13. Nxd6+ Bxd6 14. Be2 O-O
15. O-O Qc7 16. g3 Bd7 17. Bf3 Bc6 18. Bxc6 Qxc6 19. Qd4 Rad8 20. Qb6 Qf3 21.
Rfd1 Bc7 22. Qb3 h6 23. Rxd8 Rxd8 24. Qc4 Rd7 25. Re1 e5 26. b4 h5 27. a5 Kh7
28. Ba7 f5 29. Qe2 Qxe2 30. Rxe2 Kg6 31. Kf1 Kf6 32. Ke1 Rd3 33. Rc2 Ke6 34.
Ke2 e4 35. c4 Rb3 36. Bc5 g5 37. Kd2 Be5 38. Bf8 f4 39. Ke2 Bc3 40. gxf4 gxf4
41. b5 f3+ 42. Kd1 Rb1+ 43. Rc1 Rxc1+ 44. Kxc1 e3 0-1

[Event "Open A"]
[Site "Panevezys"]
[Date "2009.08.18"]
[Round "2.2"]
[White "Labuckas, Aidas"]
[Black "Lomonosovas, Vitalijus"]
[Result "1-0"]
[WhiteElo "2322"]
[BlackElo "2115"]
[PlyCount "77"]
[EventDate "2009.08.??"]

1. e4 g6 2. d4 Bg7 3. Nf3 d6 4. Be2 Nd7 5. O-O e5 6. Bg5 Ne7 7. dxe5 dxe5 8.
Nc3 h6 9. Be3 O-O 10. Qd2 Kh7 11. Rad1 f5 12. Bc4 Qe8 13. Nb5 Nb6 14. Bxb6 cxb6
15. Qc3 fxe4 16. Nc7 Qc6 17. Nxe5 Qc5 18. Nxa8 Bxe5 19. b4 Bxc3 20. bxc5 Bg4
21. Nc7 bxc5 22. Ne6 Bxe6 23. Bxe6 Kg7 24. Bd5 Nxd5 25. Rxd5 Bd4 26. c3 Bxc3
27. Rxc5 Bd4 28. Rc7+ Kg8 29. Re7 Bc5 30. Rxe4 Rd8 31. Re2 Kf7 32. g3 b6 33.
Rc1 a5 34. Rc4 g5 35. h4 Kf6 36. hxg5+ hxg5 37. Rc3 Rd6 38. Kg2 g4 39. Rc4 1-0

[Event "Open A"]
[Site "Panevezys"]
[Date "2009.08.18"]
[Round "2.3"]
[White "Daulyte, Deimante"]
[Black "Petraitis, Gintautas"]
[Result "1-0"]
[WhiteElo "2268"]
[BlackElo "2028"]
[PlyCount "57"]
[EventDate "2009.08.??"]

1. e4 e5 2. Nf3 Nc6 3. Bb5 a6 4. Ba4 Nf6 5. O-O Be7 6. Re1 b5 7. Bb3 O-O 8. h3
Bb7 9. d3 d5 10. exd5 Nxd5 11. Nbd2 Nf4 12. Ne4 Ne6 13. Bxe6 fxe6 14. Nfg5 Bxg5
15. Bxg5 Qd5 16. Qg4 Kh8 17. c3 Rae8 18. Qh4 Nd8 19. Re3 Qd7 20. Rg3 Bxe4 21.
dxe4 Nc6 22. Qh5 Qf7 23. Qe2 h6 24. Be3 Rb8 25. a4 Rfd8 26. axb5 axb5 27. Ra6
Qd7 28. Kh2 b4 29. Bxh6 1-0

[Event "Open A"]
[Site "Panevezys"]
[Date "2009.08.18"]
[Round "2.4"]
[White "Vaitonis, Vytautas"]
[Black "Rogule, Laura"]
[Result "0-1"]
[WhiteElo "2032"]
[BlackElo "2255"]
[PlyCount "90"]
[EventDate "2009.08.??"]

1. e4 c5 2. Nf3 Nc6 3. d4 cxd4 4. Nxd4 Nf6 5. Nc3 d6 6. Be2 e6 7. Be3 Be7 8.
O-O O-O 9. Kh1 a6 10. f4 Bd7 11. Bf3 Qc7 12. Qe1 Rfd8 13. Qg3 Nxd4 14. Bxd4 Bc6
15. Rae1 Ne8 16. Be2 b5 17. a3 Bf6 18. e5 dxe5 19. fxe5 Rxd4 20. exf6 Qxg3 21.
hxg3 gxf6 22. Bf3 Bxf3 23. gxf3 Rd2 24. Re2 Rxe2 25. Nxe2 Rd8 26. Nc3 Rd2 27.
Rd1 Rxc2 28. Rd8 Kf8 29. Ra8 f5 30. g4 fxg4 31. fxg4 h6 32. Ne4 Ke7 33. Rxa6
Rc4 34. Ra7+ Kf8 35. Nc3 Nd6 36. Ra6 Ke7 37. Rb6 h5 38. Nxb5 Nxb5 39. Rxb5 hxg4
40. b4 f5 41. a4 f4 42. a5 f3 43. a6 g3 44. Rc5 Rxb4 45. Rc1 Ra4 0-1

[Event "Open A"]
[Site "Panevezys"]
[Date "2009.08.18"]
[Round "2.6"]
[White "Upmanis, Gustavs"]
[Black "Tsiganova, Monika"]
[Result "0-1"]
[WhiteElo "2004"]
[BlackElo "2190"]
[PlyCount "60"]
[EventDate "2009.08.??"]

1. e4 c5 2. Nf3 d6 3. Bc4 e6 4. c3 Nf6 5. Qe2 Be7 6. d4 O-O 7. Bb3 cxd4 8. cxd4
Nc6 9. O-O e5 10. dxe5 dxe5 11. h3 Qb6 12. Nc3 Nd4 13. Nxd4 exd4 14. Nd5 Nxd5
15. Bxd5 Be6 16. Bxe6 fxe6 17. e5 Rac8 18. b3 Bb4 19. Bb2 Bc3 20. Bxc3 dxc3 21.
Rac1 Rc5 22. Rfd1 Rf5 23. Rd3 Qa5 24. Qc2 h6 25. Rxc3 Rxc3 26. Qxc3 Qxa2 27.
Qg3 Qd2 28. Rc7 Rg5 29. Qf3 Qe1+ 30. Kh2 Qxe5+ 0-1

[Event "Open A"]
[Site "Panevezys"]
[Date "2009.08.18"]
[Round "2.7"]
[White "Plunge, Gintautas"]
[Black "Apanaviciute, Kristina"]
[Result "1-0"]
[WhiteElo "2130"]
[BlackElo "1986"]
[PlyCount "71"]
[EventDate "2009.08.??"]

1. e4 e5 2. Nf3 Nf6 3. Nc3 Bb4 4. Nd5 Nxd5 5. exd5 O-O 6. c3 Ba5 7. d3 c6 8.
Qb3 h6 9. Be3 d6 10. d4 exd4 11. Nxd4 Re8 12. O-O-O c5 13. Nf3 a6 14. Re1 b5
15. g4 Qf6 16. Be2 Qe7 17. Qc2 Nd7 18. g5 h5 19. g6 f6 20. Qf5 Nf8 21. Qxh5 Qe4
22. Bd3 Qa4 23. Kb1 Bxc3 24. bxc3 b4 25. Bc2 Qb5 26. c4 Qxc4 27. Bb3 Qe4+ 28.
Bc2 Qc4 29. Rc1 Qb5 30. Bb3 Qd3+ 31. Ka1 Bd7 32. Rc4 Bf5 33. Nh4 Be4 34. Rd1
Bxg6 35. Qf3 Be4 36. Rxd3 1-0

[Event "Open A"]
[Site "Panevezys"]
[Date "2009.08.18"]
[Round "2.8"]
[White "Narmontas, Raimondas"]
[Black "Vanagas, Tadas"]
[Result "1-0"]
[WhiteElo "2158"]
[BlackElo "1860"]
[PlyCount "105"]
[EventDate "2009.08.??"]

1. e4 c5 2. Nc3 Nc6 3. g3 g6 4. Bg2 Bg7 5. d3 e6 6. Be3 b6 7. Qd2 Ba6 8. h4 h5
9. Nh3 Rc8 10. O-O Qc7 11. a4 d6 12. Nb5 Bxb5 13. axb5 Nd4 14. Bxd4 cxd4 15.
Qb4 Ne7 16. Ra6 Qc5 17. Qa4 Qxc2 18. Qa3 Qc5 19. Rxa7 Qxa3 20. bxa3 Rc3 21. Ng5
Bf6 22. e5 Bxg5 23. exd6 Bf6 24. dxe7 Bxe7 25. Rb7 Bd8 26. Bc6+ Kf8 27. Be4 Kg7
28. Ra1 Bc7 29. a4 Rb8 30. Ra7 Bd6 31. Kg2 Ra3 32. Rxa3 Bxa3 33. Rd7 Bc5 34.
Rc7 Bd6 35. Rc6 Bb4 36. Rc4 Bc3 37. Rc7 Rd8 38. Kf3 Bd2 39. Rb7 Ba5 40. Bc6 Kg8
41. Ke4 Kf8 42. Ke5 Kg7 43. Bd7 Kg8 44. Bc6 Kg7 45. f3 Be1 46. Rxb6 Bxg3+ 47.
f4 g5 48. hxg5 h4 49. a5 h3 50. a6 h2 51. a7 Rd5+ 52. Bxd5 exd5 53. Rh6 1-0

[Event "Open A"]
[Site "Panevezys"]
[Date "2009.08.18"]
[Round "2.9"]
[White "Kviliunas, Vladislovas"]
[Black "Malinin, Yuri"]
[Result "0-1"]
[WhiteElo "1908"]
[BlackElo "2319"]
[PlyCount "48"]
[EventDate "2009.08.??"]

1. d4 Nf6 2. Nf3 c5 3. d5 g6 4. g3 Bg7 5. Bg2 O-O 6. O-O d6 7. c4 e6 8. Nc3
exd5 9. cxd5 a6 10. a4 Re8 11. Ng5 Qc7 12. Nge4 Nxe4 13. Nxe4 Bf5 14. Nc3 Nd7
15. e4 Bxc3 16. exf5 Bd4 17. Qc2 Ne5 18. Bf4 Rac8 19. Bh3 Rb8 20. Rad1 Qa5 21.
Kg2 b5 22. f6 bxa4 23. Rxd4 cxd4 24. Bxe5 Qxd5+ 0-1

[Event "Open A"]
[Site "Panevezys"]
[Date "2009.08.18"]
[Round "2.10"]
[White "Kasperavicius, Jokubas"]
[Black "Bieliauskas, Marius"]
[Result "1-0"]
[WhiteElo "1972"]
[BlackElo "2144"]
[PlyCount "93"]
[EventDate "2009.08.??"]

1. e4 c5 2. Nc3 e6 3. Nge2 a6 4. g3 Nc6 5. Bg2 Nf6 6. O-O Be7 7. h3 O-O 8. d4
cxd4 9. Nxd4 d6 10. Be3 Rb8 11. f4 Qc7 12. g4 Nxd4 13. Bxd4 e5 14. Ba7 Ra8 15.
g5 Rxa7 16. gxf6 Bxf6 17. Nd5 Qc5+ 18. Kh1 Bd8 19. f5 Bg5 20. Qh5 Bh6 21. Rf3
Ra8 22. Nf6+ Kh8 23. Rg3 Qa5 24. Nd5 f6 25. Nxf6 Bxf5 26. Rf1 Rxf6 27. Rgf3
Qxa2 28. Rxf5 Rxf5 29. exf5 Bf4 30. f6 g6 31. Qf3 Qf7 32. Qxb7 Qxb7 33. Bxb7
Rb8 34. Bd5 g5 35. Ra1 Rb6 36. c4 h6 37. b4 Bd2 38. b5 a5 39. Rf1 Bf4 40. Ra1
Bd2 41. Ra2 Bb4 42. Rf2 Rb8 43. Rf1 a4 44. f7 Kg7 45. b6 a3 46. f8=Q+ Rxf8 47.
Rxf8 1-0